Online
Catalog

Lo que nos corresponde : (Record no. 23195)

MARC details
000 -CABECERA
campo de control de longitud fija 01026nam a2200241 a 4500
001 - NÚMERO DE CONTROL
campo de control 000023699
005 - FECHA Y HORA DE LA ÚLTIMA TRANSACCIÓN
campo de control 20200930022410.0
008 - DATOS DE LONGITUD FIJA--INFORMACIÓN GENERAL
campo de control de longitud fija 101220s2000 cu a r 000 0 spa d
020 ## - NÚMERO INTERNACIONAL ESTÁNDAR DEL LIBRO
Número Internacional Estándar del Libro 9597078163
040 ## - FUENTE DE LA CATALOGACIÓN
Centro catalogador/agencia de origen DO-SdBNP
Lengua de catalogación spa
Centro/agencia transcriptor BNPHU
041 17 - CÓDIGO DE LENGUA
Código de lengua del texto/banda sonora o título independiente spa
Código de lengua original eng
Fuente del código Código de idioma MARC
082 ## - NÚMERO DE LA CLASIFICACIÓN DECIMAL DEWEY
Número de clasificación 972.91
Número de documento/Ítem H474q
049 ## - FONDOS LOCALES (OCLC)
Fondos de biblioteca BNGR
100 1# - ENTRADA PRINCIPAL--NOMBRE DE PERSONA
Nombre de persona Helg, Aline
9 (RLIN) 48814
240 10 - TÍTULO UNIFORME
Título uniforme Our rightful share : the Afro-Cuban struggle for equality, 1886-1912.
Lenguaje de la obra Español.
245 10 - MENCIÓN DE TÍTULO
Título Lo que nos corresponde :
Resto del título la lucha de los negras y mulatos por la igualda en Cuba, 1886-1912 /
Mención de responsabilidad, etc. Aline Helg ; traducción, José Antonio Tabares del Real.
260 ## - PUBLICACIÓN, DISTRIBUCIÓN, ETC.
Lugar de publicación, distribución, etc. La Habana, Cuba :
Nombre del editor, distribuidor, etc. Imagen Contemporánea,
Fecha de publicación, distribución, etc. 2000.
300 ## - DESCRIPCIÓN FÍSICA
Extensión xi, 371 p. :
Otras características físicas il. retrs. ;
Dimensiones 23 cm.
534 ## - NOTA SOBRE LA VERSIÓN ORIGINAL
Encabezamiento principal del original Título original.
Mención de título del original Our rightful share : the Afro-Cuban struggle for equality, 1886-1912.
500 ## - NOTA GENERAL
Nota general Incluye referencia bibliográficas y notas al pie de las páginas
650 #4 - PUNTO DE ACCESO ADICIONAL DE MATERIA--TÉRMINO DE MATERIA
Término de materia o nombre geográfico como elemento de entrada Cuba
Subdivisión general Historia
9 (RLIN) 23448
700 1# - PUNTO DE ACCESO ADICIONAL--NOMBRE DE PERSONA
Nombre de persona Tabares del Real, José Antonio
Término indicativo de función/relación tr.
9 (RLIN) 48815
Holdings
Estado de retiro Estado de pérdida Restricciones de uso No para préstamo Código de colección Localización permanente Ubicación/localización actual Ubicación en estantería Fecha de adquisición Número de inventario Total de préstamos Signatura topográfica completa Código de barras Fecha visto por última vez Precio válido a partir de Tipo de ítem Koha
        Monografías: Libros y Folletos General General En catalogación 20.12.2010 LF1   972.91 H474q 23699-10 25.06.2020 25.06.2020 Préstamo en sala

Powered by Koha